El engaño en el delito de estafa

में बचाया:
ग्रंथसूची विवरण
मुख्य लेखक: Yubero Canepa, Julio (लेखक)
स्वरूप: पुस्तक
भाषा:स्पेनिश
प्रकाशित: Santiago Ed, Juridica Cono Sur 1993
विषय:
टैग: टैग जोड़ें
कोई टैग नहीं, इस रिकॉर्ड को टैग करने वाले पहले व्यक्ति बनें!

MARC

LEADER 00000nam a2200000 a 4500
001 UCX8774
003 CL-VaPUC
008 940427e19930000CL |||||||||||||||||spa|d
082 0 4 |a 364.163  |b YUB  |2 21 
100 0 |a Yubero Canepa, Julio  |e author  |9 325970 
245 1 3 |a El engaño en el delito de estafa 
300 |a 141 p 
942 |c BK 
945 |d 19940427 00:00:00  |a aalvarez 
260 |a Santiago  |b Ed, Juridica Cono Sur  |c 1993 
650 0 |a Estafa  |9 258622 
583 |a last modification  |c 19940427 00:00:00  |k Rodrigo Vera 
999 |c 228177  |d 228175 
952 |0 0  |1 0  |4 0  |6 364_163000000000000_YUB_1993  |7 0  |8 A  |9 227938  |a BIBDER  |b BIBDER  |d 2019-11-15  |i 2973812  |o 364.163 YUB 1993  |p 2973812  |r 2023-01-25  |w 2019-11-15  |y BK  |k DER